000 00445nam a22001577a 4500
999 _c527889
_d527889
082 _a658
100 _aAhmed, Mehwish
245 _aDecoding the Management of Change /
_cMehwish Ahmed
260 _aIslamabad:
_bNBS - NUST,
_c2014.
300 _a104 p.: ill.;
_c35cm.
942 _2ddc
_cTHE
650 _aMBA Thesis.
_917629
700 _aDr. Asfia Obaid
_917675